| 000 | 00662nam a2200253Ia 4500 | ||
|---|---|---|---|
| 003 | OSt | ||
| 005 | 20221005132031.0 | ||
| 006 | a|||||r|||| 00| 0 | ||
| 007 | ta | ||
| 008 | 221004b |||||||| |||| 00| 0 eng d | ||
| 024 | _a57715 | ||
| 037 | _cTextual | ||
| 040 |
_aCRL _cCRL _beng |
||
| 041 |
_2eng _aeng |
||
| 082 | _aT:3(Y).3.N5, J3 | ||
| 100 | _aUnesco | ||
| 245 | 0 | _aTeaching of the social sciences in the United Kingdom. | |
| 260 | _c1953 | ||
| 490 | _aUnesco,teaching in the social sciences. | ||
| 650 |
_a TEACHING _934578 |
||
| 650 | _aEDUCATION | ||
| 942 |
_hT:3(Y).3.N5, J3 _cTEXL _2cc |
||
| 999 |
_c1062239 _d1062239 |
||